| 000 | 00754nam a2200265 i 4500 | ||
|---|---|---|---|
| 001 | 9890 | ||
| 003 | ES-MaACL | ||
| 005 | 20250814065124.0 | ||
| 007 | t| | ||
| 008 | 940411s1992 sp ||||1| spa d | ||
| 020 | _a84-85855-64-7 | ||
| 080 | _a915:33 | ||
| 080 | _a33:915 | ||
| 100 | 1 |
_aKrugman, Paul R. _968908 |
|
| 245 | 1 | 0 |
_aGeografía y comercio / _cPaul Krugman ; traducción de Alfons Méndez. |
| 250 | _a1ª ed. | ||
| 260 |
_aBarcelona : _bAntoni Bosch, _c1992. |
||
| 300 |
_a152 p. ; _c22 cm. |
||
| 490 | 1 | _aTextos universitarios | |
| 650 | 1 | 7 |
_aGeografía económica _2embne _913077 |
| 700 | 1 |
_aMéndez, Alfons. _980107 |
|
| 830 | 0 |
_aTextos universitarios _9177853 |
|
| 852 |
_aES-MaACL _jL-17312 _bR.122380 |
||
| 999 |
_c9890 _d9890 |
||